01750cam a2200277 a 450000500170000000800410001701500190005801600180007702000430009502000400013804000610017804100080023904400080024708200180025510000220027324501460029526000610044130000820050250400420058450506200062660000410124665000400128765000400132765000680136770000370143520150922084048.0100401s2010 mduab b 000 0beng  aGBB0928562bnb7 a0156188732Uk a9780801897856 (hardcover : alk. paper) a0801897858 (hardcover : alk. paper) aDLCcDLCdYDXdYDXCPdUKMdBWXdCDXdIOGdDLCdCO-BoIAVH0 aeng axxu04a595.796bW74k1 aWilson, Edward O.10aKingdom of ants :bJosé Celestino Mutis and the dawn of natural history in the New World /cEdward O. Wilson and José M. Gómez Durán. aBaltimore, Md. :bJohns Hopkins University Press,c2010. aviii, 95 páginas :bilustraciones (principalmente a color), mapas ;c23 cm. aIncluye referencias bibliográficas.0 aWho was Mutis -- The making of an eighteenth-century naturalist -- The scientific contributions of José Celestino Mutis -- Mutis seeks advice -- Mutis begins his study of ants -- Ants are transported by ships -- Ant plants and plant ants -- Mutis learns about the mule-train (leafcutter) ants -- Unending struggles against the mule-train ants -- Ant wars -- Mutis solves the mystery of the nomadic pataloas -- Mutis measures the size of an army-ant colony -- Mutis tracks the armies of ants -- Mutis studies the gender of ants and makes an amazing discovery -- Mutis' other ants -- How good a scientist was Mutis?10aMutis, José Celestino,d1732-1808. 0aBotánicoszColombiavBiografía. 0aBotánicoszEspañavBiografía. 0aHormigasxInvestigaciónzSuraméricaxHistoriaySiglo XVIII.1 aGómez Durán, José María.